Физическая модель электрических нагрузок автономных энергетических систем; Промышленные АСУ и контроллеры; № 11

Detalhes bibliográficos
Parent link:Промышленные АСУ и контроллеры: научно-технический производственный журнал.— , 1999-
№ 11.— 2011.— [С. 37-40]
Autor principal: Обухов С. Г. Сергей Геннадьевич
Autor Corporativo: Национальный исследовательский Томский политехнический университет
Outros Autores: Плотников И. А. Игорь Александрович, Маров Д. Ю. Дмитрий Юрьевич
Resumo:Заглавие с экрана
В статье представлены результаты исследований по разработке и созданию имитационной физической модели электрических нагрузок автономных энергетических систем. Приведено описание модели, структура, основные технические характеристики.
In article results of researches on development and creation of physical simulation model of electric load in autonomous power systems are presented. The model description, structure, the basic technical characteristics is included.
Режим доступа: по договору с организацией-держателем ресурса
Idioma:russo
Publicado em: 2011
coleção:Технические средства АСУТП
Assuntos:
Acesso em linha:http://elibrary.ru/item.asp?id=22482146
Formato: MixedMaterials Recurso Eletrônico Capítulo de Livro
KOHA link:https://koha.lib.tpu.ru/cgi-bin/koha/opac-detail.pl?biblionumber=649203

MARC

LEADER 00000naa0a2200000 4500
001 649203
005 20260213143412.0
035 |a (RuTPU)RU\TPU\network\14364 
090 |a 649203 
100 |a 20160624d2011 k||y0rusy50 ca 
101 0 |a rus 
102 |a RU 
135 |a drcn ---uucaa 
181 0 |a i  
182 0 |a b 
200 1 |a Физическая модель электрических нагрузок автономных энергетических систем  |d Physical Model of Electric Load in Autonomous PowerSystems  |f С. Г. Обухов, И. А. Плотников, Д. Ю. Маров 
203 |a Текст  |c электронный 
225 1 |a Технические средства АСУТП 
300 |a Заглавие с экрана 
320 |a [Библиогр.: 6 назв.] 
330 |a В статье представлены результаты исследований по разработке и созданию имитационной физической модели электрических нагрузок автономных энергетических систем. Приведено описание модели, структура, основные технические характеристики. 
330 |a In article results of researches on development and creation of physical simulation model of electric load in autonomous power systems are presented. The model description, structure, the basic technical characteristics is included. 
333 |a Режим доступа: по договору с организацией-держателем ресурса 
461 |t Промышленные АСУ и контроллеры  |o научно-технический производственный журнал  |d 1999- 
463 |t № 11  |v [С. 37-40]  |d 2011 
510 1 |a Physical Model of Electric Load in Autonomous PowerSystems  |z eng 
610 1 |a электронный ресурс 
610 1 |a труды учёных ТПУ 
610 1 |a автономные системы 
610 1 |a электроснабжение 
610 1 |a моделирование 
610 1 |a электрические нагрузки 
610 1 |a гибридные электростанции 
700 1 |a Обухов  |b С. Г.  |c специалист в области электроэнергетики  |c профессор Томского политехнического университета, доктор технических наук  |f 1963-  |g Сергей Геннадьевич  |3 (RuTPU)RU\TPU\pers\26337  |9 12090 
701 1 |a Плотников  |b И. А.  |c специалист в области машиностроения  |c доцент Томского политехнического университета, кандидат технических наук  |f 1962-  |g Игорь Александрович  |3 (RuTPU)RU\TPU\pers\26587  |9 12270 
701 1 |a Маров  |b Д. Ю.  |c специалист в области машиностроения  |c инженер Томского политехнического университета  |f 1989-  |g Дмитрий Юрьевич  |3 (RuTPU)RU\TPU\pers\29876  |9 14348 
712 0 2 |a Национальный исследовательский Томский политехнический университет  |c (2009- )  |9 26305 
801 2 |a RU  |b 63413507  |c 20160624  |g RCR 
856 4 |u http://elibrary.ru/item.asp?id=22482146 
942 |c CF